Celebraciones mexicanas - Estadísticas

Estadísticas generales
  • Esta prueba ha sido intentada 973 veces
    487 desde el último reinicio
  • La puntuación promedio es 10 de 16
Estadísticas de respuestas
Día Celebración % Correcto
1 y 2 de noviembre Día de Muertos
93%
25 de diciembre Navidad
93%
16 de septiembre Día de la Independencia
85%
24 de diciembre Nochebuena
79%
6 de enero Día de los Reyes Magos
74%
-- de abril Semana Santa
62%
10 de mayo Día de la Madre
55%
5 de mayo Cinco de Mayo (Batalla de Puebla)
52%
20 de noviembre Día de la Revolución Mexicana
50%
12 de diciembre Día de la Virgen de Guadalupe
49%
2 de febrero Fiesta de la Candelaria
48%
24 de febrero Día de la Bandera
47%
5 de febrero Día de la Constitución
47%
1 de mayo Día del trabajador
45%
21 de marzo Natalicio de Benito Juárez
44%
16-24 de diciembre Las Posadas
31%
No se encontraron pruebas coincidentes
Distribución de puntuación
Porcentaje de gente con cada puntuación
Porcentaje por número respondido
Historial de tus puntuaciones
No has intentado esta prueba desde el último reinicio